000 00754nam a2200253Ia 4500
003 OSt
005 20220925224511.0
006 a|||||r|||| 00| 0
007 ta
008 220923b |||||||| |||| 00| 0 eng d
037 _cGeneral Book
040 _aRTL
_cRTL
_beng
041 _2eng
_aeng
082 _aY9(T15,b).3.N6, K9/TD3
100 _aMusgrove Frank
_9134864
245 0 _aSociety and teacher's role
260 _aLondon
_bRoutledge & Kegan Paul UK
_c1969
300 _avii, 104p
_ccm.
500 _aAppendix: P 90-91
650 _aSociology of Education
700 _a Taylor Philip H
_9291184
942 _hY9(T15,b).3.N6, K9/TD3
_cGB
_2CC
999 _c581592
_d581592